Consumer behaviour : (Record no. 137972)
[ view plain ]
| 000 -LEADER | |
|---|---|
| fixed length control field | 00967nam a2200265 a 4500 |
| 003 - CONTROL NUMBER IDENTIFIER | |
| control field | OSt |
| 005 - DATE AND TIME OF LATEST TRANSACTION | |
| control field | 20251118155739.0 |
| 008 - FIXED-LENGTH DATA ELEMENTS--GENERAL INFORMATION | |
| fixed length control field | |
| 020 ## - INTERNATIONAL STANDARD BOOK NUMBER | |
| International Standard Book Number | 9780273651826 (Paperback) |
| 040 ## - CATALOGING SOURCE | |
| Transcribing agency | NUST |
| Original cataloging agency | NUST |
| Language of cataloging | eng |
| Modifying agency | NUST |
| Description conventions | rda |
| 050 ## - LIBRARY OF CONGRESS CALL NUMBER | |
| Classification number | HF5415.33 SOL |
| 100 1# - MAIN ENTRY--PERSONAL NAME | |
| Personal name | Solomon, Michael R. |
| Relator term | Author |
| 245 10 - TITLE STATEMENT | |
| Title | Consumer behaviour : |
| Remainder of title | a European perspective / |
| Statement of responsibility, etc. | Michael Solomon, Gary Bamossy and Soren Askegaard. |
| 250 ## - EDITION STATEMENT | |
| Edition statement | Second edition. |
| 260 ## - PUBLICATION, DISTRIBUTION, ETC. | |
| Place of publication, distribution, etc. | Harlow : |
| Name of publisher, distributor, etc. | Financial Times/Prentice-Hall, |
| Date of publication, distribution, etc. | ©2002. |
| 300 ## - PHYSICAL DESCRIPTION | |
| Extent | xxiii, 630 pages : |
| Other physical details | Illustrations ; |
| Dimensions | 27 cm. |
| 336 ## - CONTENT TYPE | |
| Source | rdacontent |
| Content type term | text |
| Content type code | txt |
| 337 ## - MEDIA TYPE | |
| Source | rdamedia |
| Media type term | unmediated |
| Media type code | n |
| 338 ## - CARRIER TYPE | |
| Source | rdacarrier |
| Carrier type term | volume |
| Carrier type code | nc |
| 504 ## - BIBLIOGRAPHY, ETC. NOTE | |
| Bibliography, etc. note | Includes bibliographical references. |
| 650 #0 - SUBJECT ADDED ENTRY--TOPICAL TERM | |
| Topical term or geographic name entry element | Consumer behavior |
| Geographic subdivision | Europe. |
| 700 1# - ADDED ENTRY--PERSONAL NAME | |
| Personal name | Barmossy, Gary |
| Relator term | Author |
| 700 1# - ADDED ENTRY--PERSONAL NAME | |
| Personal name | Askegaard, Soren |
| Relator term | Author |
| 942 ## - ADDED ENTRY ELEMENTS (KOHA) | |
| Koha item type | Ordinary Loan Books |
| Call number prefix | HF |
| Call number suffix | SOL |
| Source of classification or shelving scheme | Library of Congress Classification |
| Edition | Second edition. |
| Classification part | HF5415.33 SOL |
| Suppress in OPAC | No |
| Withdrawn status | Lost status | Source of classification or shelving scheme | Damaged status | Not for loan | Collection | Home library | Current library | Shelving location | Date acquired | Source of acquisition | Cost, normal purchase price | Total Checkouts | Full call number | Barcode | Date last seen | Accession number | Cost, replacement price | Price effective from | Koha item type | Public note |
|---|---|---|---|---|---|---|---|---|---|---|---|---|---|---|---|---|---|---|---|---|
| LCC | 1 | NFIC | MAIN | MAIN | GEN | 11/18/2025 | Book Aid International | 80.00 | HF5415.33 SOL | 92004020566 | 01/23/2023 | 42740 | 80.00 | 11/18/2025 | BOOKS | Donation | ||||
| LCC | 1 | NFIC | MAIN | MAIN | GEN | 11/18/2025 | Book Aid International | 80.00 | HF5415.33 SOL | 92004020631 | 11/18/2025 | 42779 | 80.00 | 11/18/2025 | BOOKS | Donation | ||||
| LCC | 1 | NFIC | MAIN | MAIN | GEN | 11/18/2025 | Book Aid International | 80.00 | HF5415.33 SOL | 92004020556 | 11/18/2025 | 42806 | 80.00 | 11/18/2025 | BOOKS | Donation | ||||
| LCC | 1 | NFIC | MAIN | MAIN | GEN | 11/18/2025 | Book Aid International | 80.00 | HF5415.33 SOL | 92004020384 | 11/18/2025 | 42982 | 80.00 | 11/18/2025 | BOOKS | Donation | ||||
| LCC | 1 | NFIC | MAIN | MAIN | GEN | 11/18/2025 | Book Aid International | 80.00 | HF5415.33 SOL | 92004020958 | 11/18/2025 | 43261 | 80.00 | 11/18/2025 | BOOKS | Donation |